| 000 | 00755cam a2200193 4500 | ||
|---|---|---|---|
| 001 | J111997 | ||
| 008 | 000000n2001 000 0 eng u | ||
| 035 | _a(Sirsi) u111997 | ||
| 110 |
_aProperty Advisory Group _91135 |
||
| 245 | _aElectronic communications and commercial property transactions. | ||
| 260 |
_aLondon _bDETR _c2001 |
||
| 300 | _a23p. ; 30cm. | ||
| 350 | _a0.00 | ||
| 520 | _aThe Department of the Environment, Transport and the Regions asked the PAG for advice on issues arising from a paper presented by the Association of British Insurers about the use of electronic communications in the commercial property sector. | ||
| 650 | _aPROPERTY MARKET | ||
| 650 | _aE-COMMERCE | ||
| 690 | _aPROPERTY-COMMERCIAL PROPERTY | ||
| 942 | _n0 | ||
| 999 |
_c101335 _d101335 |
||